| Tag |
First Indicator |
Second Indicator |
Subfields |
| LEADER |
00000cam a2200000 a 4500 |
| 001 |
in00000019118 |
| 005 |
20151007054152.0 |
| 008 |
841201s1984 nyu b 00000 eng d |
| 020 |
|
|
|z 0911646202
|
| 035 |
|
|
|a (OCoLC)11441204
|
| 035 |
|
|
|9 AAB4204AM
|
| 040 |
|
|
|a MOF
|c MOF
|d OCL
|d VDB
|d m/c
|d TXA
|d UtOrBLW
|
| 049 |
|
|
|a TXAM
|c [A10990319]
|
| 050 |
|
4 |
|a JX1904.5
|b .P39 1984
|
| 245 |
0 |
0 |
|a Peace and world order studies :
|b a curriculum guide /
|c Barbara J. Wien, editor.
|
| 250 |
|
|
|a 4th ed.
|
| 264 |
|
1 |
|a New York, N.Y. :
|b World Policy Institute,
|c [1984]
|
| 300 |
|
|
|a 741 pages ;
|c 23 cm.
|
| 336 |
|
|
|a text
|b txt
|2 rdacontent
|
| 337 |
|
|
|a unmediated
|b n
|2 rdamedia
|
| 338 |
|
|
|a volume
|b nc
|2 rdacarrier
|
| 504 |
|
|
|a Filmography: pages 681-698. Periodicals and journals: pages 699-707. Bibliography: pages 722-741.
|
| 650 |
|
0 |
|a Peace
|x Study and teaching.
|
| 650 |
|
0 |
|a International organization
|x Study and teaching.
|
| 700 |
1 |
|
|a Wien, Barbara J.
|
| 710 |
2 |
|
|a World Policy Institute.
|
| 999 |
|
|
|a MARS
|
| 999 |
f |
f |
|s 4d115431-5769-31fe-beac-b3c9e2d6a377
|i 6aef00aa-12c7-3686-a91d-56e890855a9d
|t 0
|
| 952 |
f |
f |
|p ric
|a Texas A&M University
|b Rellis Campus
|c Joint Library Facility
|d Remote Storage
|t 0
|e JX1904.5 .P39 1984
|h Library of Congress classification
|i unmediated -- volume
|m A14810990319
|
| 998 |
f |
f |
|a JX1904.5 .P39 1984
|t 0
|l Remote Storage
|